| 000 | 01132cam a22002651 4500 | ||
|---|---|---|---|
| 001 | popularmechanic09newy | ||
| 003 | CaSfIA | ||
| 005 | 20210118211235.0 | ||
| 007 | cr|||| | ||
| 008 | 700716m19689999nyua e 00000 eng | ||
| 010 | _a 68003759 | ||
| 035 | _a(DLC) 68003759 | ||
| 040 |
_aDLC _cDLC _dDLC _dBIBLIOS _dCaSfIA |
||
| 050 | 0 | 0 |
_aTT155 _b.P75 |
| 082 | 0 | 0 | _a600 |
| 245 | 0 | 0 |
_aPopular mechanics do-it-yourself encyclopedia. _h[electronic resource] |
| 260 | 0 |
_aNew York, _bBook Division, Hearst Magazines _c[1968- |
|
| 300 |
_av. _billus. (part col.) _c28 cm. |
||
| 650 | 0 |
_aHandicraft _xEncyclopedias. |
|
| 650 | 0 |
_aDo-it-yourself work _xEncyclopedias. |
|
| 856 | 4 | 1 |
_uhttp://www.archive.org/details/popularmechanic09newy _zFree eBook from the Internet Archive _3Volume 9 |
| 942 | _cEB | ||
| 506 | _fНеобхідна авторизація на https://archive.org/ (створення облікового запису безкоштовно) | ||
| 506 | _fНеобхідна авторизація на https://openlibrary.org/ (створення облікового запису безкоштовно) | ||
| 999 |
_c537933 _d537933 |
||